| 000 | 00641nam a22002297a 4500 | ||
|---|---|---|---|
| 003 | OSt | ||
| 005 | 20240617112242.0 | ||
| 008 | 240617b |||||||| |||| 00| 0 eng d | ||
| 020 | _a3540074023 | ||
| 020 | _a0387074023 | ||
| 040 | _cMUST | ||
| 082 |
_a516 _bLEC 1975 |
||
| 245 |
_aLecture notes in Mathematics / _cEdited by A. Dold, B.Eckman |
||
| 260 |
_aBerlin _bSpringer-Velrag _c1975 |
||
| 300 |
_av, 282: _bill : _c23cm. |
||
| 504 | _aIncludes bibliographical references and index | ||
| 650 | _2Banach spaces | ||
| 650 | _2vector valued measures | ||
| 700 |
_aDold,A _917323 |
||
| 700 |
_aEckmann, B. _917324 |
||
| 942 |
_2ddc _cO_SHELF |
||
| 999 |
_c8531 _d8531 |
||